Cliquez sur la bonne traduction en espagnol - La plage - Statistiques

Statistiques générales
  • Ce quiz a été pris 170 fois
  • Le résultat moyen est 16 sur 21
Statistiques - réponses
Hint Réponse % Correct
Méduse Medusa
96%
Soleil Sol
95%
Algue Alga
94%
Île Isla
94%
Mer Mar
94%
Marée Marea
94%
Pêcheur Pescador
94%
Port Puerto
94%
Nageur Nadador
93%
Océan Océano
93%
Bâteau Barco
92%
Phare Faro
87%
Parasol Sombrilla
73%
Coquillage Concha
67%
Crabe Crangrejo
59%
Requin Tiburón
58%
Vague Olas
52%
Sable Arena
48%
Mouette Gaviota
48%
Eclabousser Salpicadura
47%
Se noyer Ahogamiento
42%
Aucun quiz correspondant
Distribution des résultats
% des personnes avec chaque résultat
Percentile par nombre de réponses
Votre historique - résultats
Vous n’avez pas pris ce quiz